header

A descriptive grammar of early Old Japanese prose (Record no. 71052)

MARC details
000 -LEADER
fixed length control field 01304nam a22003134a 4500
082 04 - DEWEY DECIMAL CLASSIFICATION NUMBER
Classification number 495.6/5
100 1# - MAIN ENTRY--AUTHOR NAME
Personal name Bentley, John R.
245 12 - TITLE STATEMENT
Title A descriptive grammar of early Old Japanese prose
260 ## - PUBLICATION, DISTRIBUTION, ETC. (IMPRINT)
Place of publication Leiden ;
-- Boston :
Name of publisher Brill,
Year of publication 2001.
300 ## - PHYSICAL DESCRIPTION
Number of Pages xviii, 286 p. :
Other physical details ill.
490 1# - SERIES STATEMENT
Series statement Brill's Japanese studies library,
650 #0 - SUBJECT ADDED ENTRY--TOPICAL TERM
Topical Term Japanese language
Topical Term Japanese language
856 40 - ELECTRONIC LOCATION AND ACCESS
Uniform Resource Identifier http://site.ebrary.com/lib/rucke/Doc?id=10089123

No items available.

© 2026 Rongo University
Contact us: librarian | system librarian | Rongo university